| 000 | 00651nam a2200181 a 4500 | ||
|---|---|---|---|
| 001 | 000036431 | ||
| 005 | 20200930075728.0 | ||
| 008 | 120117s1996 sp a 000 0 spa d | ||
| 020 | _a1880828006 | ||
| 040 |
_aDO-SdBNP _bspa _cBNPHU |
||
| 082 |
_axxxx _bN397 |
||
| 100 | 1 |
_aNeighbour, Ralph W. _962645 |
|
| 240 | 1 | 3 |
_aThe arrival kit: a guide for your journey in the kingdom of god _lEspañol |
| 245 | 1 | 3 |
_aLa vida en el reino : _buna guía para tu viaje en el Reino de Dios / _cRalph W. Neighbour,Jr. ; traducción Ignacio Rubio Guisasola. |
| 260 |
_aHouston : _b[s. n.], _c1996. |
||
| 300 |
_a144 p. : _bils ; _c16 p. |
||
| 500 | _aTraducido del inglés | ||
| 999 |
_c35922 _d35922 |
||